[Event "Titled Tuesday intern op 01st Aug Late"]
[Site "Chess.com INT"]
[Date "2023.08.01"]
[Round "3"]
[White "Hoffmann, Asa"]
[Black "Porat, Tori"]
[Result "0-1"]
[WhiteElo "2185"]
[BlackElo "1611"]
[PlyCount "96"]
[EventDate "2023.08.01"]
[EventType "swiss (blitz)"]
[EventRounds "11"]
[EventCountry "USA"]
[SourceTitle "EXT 2024"]
[Source "ChessBase"]
[SourceDate "2023.10.10"]
[SourceVersion "1"]
[SourceVersionDate "2023.10.10"]
[SourceQuality "1"]

1. d4 d5 2. Bg5 h6 3. Bh4 g5 4. Bg3 Nf6 5. e3 Ne4 6. Bd3 Nxg3 7. hxg3 e6 8. Nf3 Bd6 9. Nbd2 Bd7 10. e4 dxe4 11. Nxe4 Nc6 12. c3 Qe7 13. Nfxg5 0-0-0 14. Nxd6+ cxd6 15. Ne4 f5 16. Nd2 Rdf8 17. Qe2 Kb8 18. 0-0-0 Rc8 19. Kb1 Qd8 20. Bc4 d5 21. Bb3 Qb6 22. Nf3 Na5 23. Ne5 Bb5 24. Qe3 h5 25. Ng6 Rh7 26. Nf4 Bd7 27. Nxh5 Nxb3 28. axb3 Qxb3 29. Nf6 Rf7 30. Nxd7+ Rxd7 31. Qxe6 Rdc7 32. Qe5 a5 33. Rh8 Ka7 34. Rxc8 Rxc8 35. Rd3 a4 36. Qe2 a3 37. Qc2 a2+ 38. Kc1 a1Q+ 39. Kd2 Qaxb2 40. Qxb2 Qxb2+ 41. Ke3 Qc1+ 42. Kf3 Rxc3 43. Rxc3 Qxc3+ 44. Kf4 b5 45. Kxf5 b4 46. Ke5 b3 47. Kxd5 b2 48. g4 b1Q 0-1

[Event "Titled Tuesday intern op 01st Aug Late"]
[Site "Chess.com INT"]
[Date "2023.08.01"]
[Round "2"]
[White "Pein, Jonathan"]
[Black "Porat, Tori"]
[Result "1-0"]
[WhiteElo "2276"]
[BlackElo "1611"]
[PlyCount "131"]
[EventDate "2023.08.01"]
[EventType "swiss (blitz)"]
[EventRounds "11"]
[EventCountry "USA"]
[SourceTitle "EXT 2024"]
[Source "ChessBase"]
[SourceDate "2023.10.10"]
[SourceVersion "1"]
[SourceVersionDate "2023.10.10"]
[SourceQuality "1"]

1. c4 e5 2. g3 Nf6 3. Bg2 Nc6 4. Nc3 Bb4 5. e4 0-0 6. Nge2 Nd4 7. 0-0 d6 8. d3 Bg4 9. f3 Be6 10. Be3 Bc5 11. Qd2 c6 12. Rab1 Qb6 13. Bf2 Nxe2+ 14. Qxe2 Bxf2+ 15. Qxf2 Rfd8 16. a3 d5 17. Qxb6 axb6 18. cxd5 cxd5 19. Rfc1 Rac8 20. Na4 b5 21. Nb6 Rc6 22. Rxc6 bxc6 23. a4 bxa4 24. Nxa4 Ra8 25. Nc5 dxe4 26. dxe4 Bc4 27. b3 Bb5 28. Rd1 h6 29. Bf1 Bxf1 30. Kxf1 Rb8 31. Rd6 Rb6 32. Ke2 Kf8 33. Rxf6 Rb5 34. Rxc6 Ra5 35. b4 Ra2+ 36. Ke3 Ra3+ 37. Nd3 Ra1 38. b5 f6 39. b6 Rb1 40. Rc8+ Ke7 41. Rc7+ Kd8 42. Rxg7 Rxb6 43. Rg6 h5 44. Nxe5 Rb3+ 45. Nd3 Ke7 46. Rh6 Rb5 47. Kf4 Rb3 48. Nc5 Rb5 49. Rxh5 Kf7 50. Rd5 Rb1 51. h4 Rh1 52. h5 Rh2 53. Rd7+ Ke8 54. g4 Rh3 55. Ra7 Kf8 56. Ne6+ Kg8 57. Nd4 Kh8 58. Nf5 Kg8 59. h6 Kh8 60. Ra8+ Kh7 61. Ra7+ Kh8 62. Ra6 Kh7 63. Rxf6 Kh8 64. g5 Kg8 65. g6 Rh5 66. h7+ 1-0

[Event "Titled Tuesday intern op 04th Jul Late"]
[Site "Chess.com INT"]
[Date "2023.07.04"]
[Round "2"]
[White "Porat, Tori"]
[Black "Gao, Raymond"]
[Result "0-1"]
[WhiteElo "1562"]
[BlackElo "1964"]
[PlyCount "160"]
[EventDate "2023.07.04"]
[EventType "swiss (blitz)"]
[EventRounds "11"]
[EventCountry "USA"]
[SourceTitle "EXT 2024"]
[Source "ChessBase"]
[SourceDate "2023.10.10"]
[SourceVersion "1"]
[SourceVersionDate "2023.10.10"]
[SourceQuality "1"]

1. d4 Nf6 2. c4 c6 3. Nc3 d5 4. cxd5 cxd5 5. Bf4 Nc6 6. e3 Bf5 7. a3 e6 8. Nf3 Bd6 9. Bg3 0-0 10. Bd3 Rc8 11. 0-0 Bxd3 12. Qxd3 a6 13. b4 Ne7 14. Bh4 Nf5 15. Bg5 h6 16. Bxf6 Qxf6 17. e4 Nh4 18. Nxh4 Qxh4 19. e5 Be7 20. Ne2 Rc4 21. Rac1 Rfc8 22. Rxc4 Rxc4 23. Rc1 b5 24. h3 Bg5 25. Rd1 Bd8 26. Ng3 Qf4 27. Ne2 Qg5 28. Ng3 Qe7 29. Nh5 Qg5 30. Ng3 g6 31. Nf1 Qe7 32. Ne3 Rc6 33. Ng4 Qf8 34. Qe3 Kh7 35. Kh2 Bg5 36. f4 Be7 37. Rd3 h5 38. Nf6+ Bxf6 39. exf6 Qd8 40. Qe5 Qc7 41. Kg3 Rc3 42. Qxc7 Rxc7 43. Kf3 Rc2 44. g4 Rh2 45. Kg3 Rc2 46. gxh5 gxh5 47. Kh4 Kg6 48. Rg3+ Kxf6 49. Rd3 Rh2 50. Kg3 Rh1 51. Kg2 Re1 52. Kg3 Re4 53. Kf3 Kf5 54. Kg3 Rxf4 55. h4 Rg4+ 56. Kh3 Ke4 57. Rd2 Ke3 58. Rd1 Rxd4 59. Rxd4 Kxd4 60. Kg3 e5 61. Kf3 f5 62. Ke2 e4 63. Kd2 Ke5 64. Ke2 d4 65. Kd2 f4 66. Ke2 Kf5 67. Ke1 Kg4 68. a4 bxa4 69. b5 axb5 70. Ke2 Kxh4 71. Kf2 Kg4 72. Ke2 h4 73. Kd2 b4 74. Ke2 h3 75. Kf2 a3 76. Kg1 a2 77. Kh2 b3 78. Kg1 a1Q+ 79. Kh2 Qb2+ 80. Kh1 Qg2# 0-1

[Event "Titled Tuesday intern op 04th Jul Late"]
[Site "Chess.com INT"]
[Date "2023.07.04"]
[Round "1"]
[White "Porat, Tori"]
[Black "Sanchez Enriquez, Oscar Gerardo"]
[Result "0-1"]
[WhiteElo "1562"]
[BlackElo "2297"]
[PlyCount "90"]
[EventDate "2023.07.04"]
[EventType "swiss (blitz)"]
[EventRounds "11"]
[EventCountry "USA"]
[SourceTitle "EXT 2024"]
[Source "ChessBase"]
[SourceDate "2023.10.10"]
[SourceVersion "1"]
[SourceVersionDate "2023.10.10"]
[SourceQuality "1"]

1. d4 e6 2. c4 b6 3. Nc3 Bb4 4. Nf3 Bb7 5. Bg5 Nf6 6. e3 h6 7. Bh4 g5 8. Bg3 Ne4 9. Qc2 d6 10. Bd3 Bxc3+ 11. bxc3 f5 12. Rd1 Nd7 13. Nd2 Nxd2 14. Rxd2 Bxg2 15. Rg1 Bf3 16. d5 Nc5 17. dxe6 Be4 18. Bxe4 fxe4 19. Be5 0-0 20. Bd4 Nd3+ 21. Kd1 Qe7 22. h4 Qxe6 23. hxg5 h5 24. Rxd3 exd3 25. Qxd3 Qf5 26. Qf1 Qb1+ 27. Ke2 Qc2+ 28. Ke1 c5 29. Qh3 Qxf2+ 30. Kd1 cxd4 31. Qe6+ Qf7 32. Qh6 Qf3+ 33. Kc2 Qf5+ 34. Kb3 Rf7 35. g6 Rg7 36. Rg5 Qb1+ 37. Ka3 Qc1+ 38. Kb3 Qxc3+ 39. Ka4 Qxc4+ 40. Ka3 Qc3+ 41. Ka4 b5+ 42. Kxb5 Rb8+ 43. Ka6 Qc6+ 44. Ka5 Qb6+ 45. Ka4 Qb4# 0-1

[Event "Titled Tuesday intern op 04th Jul Late"]
[Site "Chess.com INT"]
[Date "2023.07.04"]
[Round "3"]
[White "Zherebtsova, Alexandra"]
[Black "Porat, Tori"]
[Result "1-0"]
[WhiteElo "2152"]
[BlackElo "1562"]
[PlyCount "81"]
[EventDate "2023.07.04"]
[EventType "swiss (blitz)"]
[EventRounds "11"]
[EventCountry "USA"]
[SourceTitle "EXT 2024"]
[Source "ChessBase"]
[SourceDate "2023.10.10"]
[SourceVersion "1"]
[SourceVersionDate "2023.10.10"]
[SourceQuality "1"]

1. d4 d5 2. Nf3 Nf6 3. c4 c6 4. Nbd2 Bf5 5. Nh4 Bg6 6. Qb3 Qc7 7. g3 e6 8. Nxg6 hxg6 9. Bg2 Nbd7 10. Nf3 Ne4 11. 0-0 Ndf6 12. Ne5 Bd6 13. f3 Ng5 14. Bxg5 Bxe5 15. dxe5 Nd7 16. cxd5 exd5 17. Bf4 Nc5 18. Qc3 Ne6 19. Be3 g5 20. Rfd1 Rh5 21. b4 a6 22. a4 Kd7 23. b5 Rah8 24. h3 f6 25. bxc6+ bxc6 26. f4 gxf4 27. gxf4 fxe5 28. fxe5 Ng5 29. Bxg5 Rxg5 30. Kh1 Rh6 31. e4 Ke8 32. exd5 Qd7 33. Qxc6 Rxc6 34. dxc6 Qc7 35. Rd7 Qxe5 36. Rad1 Qe2 37. R7d2 Qe5 38. Rd8+ Ke7 39. R8d7+ Ke8 40. c7 Qg3 41. c8Q# 1-0

[Event "Titled Tuesday intern op 20th Jun Early"]
[Site "Chess.com INT"]
[Date "2023.06.20"]
[Round "7"]
[White "Kiseleva, Arina"]
[Black "Porat, Tori"]
[Result "1-0"]
[WhiteElo "1962"]
[BlackElo "1572"]
[PlyCount "81"]
[EventDate "2023.06.20"]
[EventType "swiss (blitz)"]
[EventRounds "11"]
[EventCountry "USA"]
[SourceTitle "EXT 2024"]
[Source "ChessBase"]
[SourceDate "2023.10.10"]
[SourceVersion "1"]
[SourceVersionDate "2023.10.10"]
[SourceQuality "1"]

1. d4 d5 2. Nf3 Nf6 3. e3 c5 4. Bd3 e6 5. 0-0 Nc6 6. b3 cxd4 7. exd4 Bd6 8. Bb2 0-0 9. Nbd2 a6 10. Ne5 Qc7 11. Re1 b5 12. a3 Nd7 13. f4 f6 14. Nxc6 Qxc6 15. Rxe6 Ne5 16. Rxd6 Qxd6 17. dxe5 fxe5 18. Bxe5 Qc5+ 19. Kh1 Be6 20. Qh5 h6 21. Qg6 Ra7 22. Qxe6+ Kh8 23. Qxh6+ Kg8 24. Qh7+ Kf7 25. Qxg7+ Ke8 26. Qg6+ Kd8 27. Bd6 Qc3 28. Re1 Qxd2 29. Rf1 Re8 30. Bf5 Qd4 31. Qg5+ Rae7 32. Bxe7+ Rxe7 33. Re1 Qc5 34. b4 Qd6 35. Qxe7+ Qxe7 36. Rxe7 Kxe7 37. Bd3 Ke6 38. Kg1 Kf6 39. Kf2 d4 40. Kf3 Ke6 41. Ke4 1-0

[Event "Titled Tuesday intern op 20th Jun Early"]
[Site "Chess.com INT"]
[Date "2023.06.20"]
[Round "1"]
[White "Leenhouts, Koen"]
[Black "Porat, Tori"]
[Result "1-0"]
[WhiteElo "2446"]
[BlackElo "1572"]
[PlyCount "129"]
[EventDate "2023.06.20"]
[EventType "swiss (blitz)"]
[EventRounds "11"]
[EventCountry "USA"]
[SourceTitle "EXT 2024"]
[Source "ChessBase"]
[SourceDate "2023.10.10"]
[SourceVersion "1"]
[SourceVersionDate "2023.10.10"]
[SourceQuality "1"]

1. e4 c5 2. Nf3 Nc6 3. d4 cxd4 4. Nxd4 e5 5. Nb5 d6 6. N1c3 a6 7. Na3 b5 8. Nd5 Nf6 9. Bg5 Be7 10. Bxf6 Bxf6 11. c4 b4 12. Nc2 a5 13. Be2 Bg5 14. 0-0 0-0 15. Bg4 Ne7 16. Bxc8 Rxc8 17. b3 Nxd5 18. Qxd5 Qb6 19. Rad1 Rfd8 20. g3 Rc5 21. Qd3 Rcc8 22. Kg2 Qc7 23. f4 Bf6 24. Ne3 exf4 25. Nd5 Qd7 26. Nxf6+ gxf6 27. Rxf4 Qe6 28. Rdf1 Re8 29. Qd4 Rc5 30. Rxf6 Qxe4+ 31. Qxe4 Rxe4 32. Rxd6 Re2+ 33. Rf2 Rce5 34. Rd8+ Kg7 35. Rd7 Rxf2+ 36. Kxf2 Rf5+ 37. Ke3 Re5+ 38. Kd3 Rh5 39. h4 Rf5 40. Ke3 Re5+ 41. Kf3 Rf5+ 42. Kg2 Re5 43. Rd2 h6 44. Rc2 Rc5 45. Kf3 Rf5+ 46. Ke4 Rc5 47. Kd4 Rc8 48. c5 Kf8 49. c6 Ke7 50. Kc5 Rc7 51. Re2+ Kd8 52. Kd6 Ra7 53. g4 Ra6 54. g5 hxg5 55. h5 f6 56. h6 Ra7 57. Rh2 Rh7 58. Ke6 Kc7 59. Kxf6 g4 60. Kg6 g3 61. Rh3 g2 62. Rg3 Rh8 63. h7 Kxc6 64. Rxg2 Rxh7 65. Kxh7 1-0

[Event "Titled Tuesday intern op 20th Jun Early"]
[Site "Chess.com INT"]
[Date "2023.06.20"]
[Round "5"]
[White "Porat, Tori"]
[Black "Fudalej, Michal"]
[Result "0-1"]
[WhiteElo "1572"]
[BlackElo "2188"]
[PlyCount "56"]
[EventDate "2023.06.20"]
[EventType "swiss (blitz)"]
[EventRounds "11"]
[EventCountry "USA"]
[SourceTitle "EXT 2024"]
[Source "ChessBase"]
[SourceDate "2023.10.10"]
[SourceVersion "1"]
[SourceVersionDate "2023.10.10"]
[SourceQuality "1"]

1. d4 Nf6 2. c4 g6 3. Nc3 Bg7 4. Nf3 d6 5. e4 0-0 6. Bg5 h6 7. Bxf6 Bxf6 8. Be2 Bg7 9. 0-0 Nd7 10. h3 c6 11. d5 Qc7 12. Rc1 a6 13. a3 c5 14. b4 b6 15. b5 Nf6 16. a4 Bd7 17. Re1 axb5 18. axb5 Ra3 19. Bd3 Rfa8 20. e5 dxe5 21. Nxe5 Nh5 22. Qe2 Nf4 23. Qd2 Bxe5 24. Re3 Nxd3 25. Qxd3 Bf4 26. Rxe7 Bxc1 27. d6 Qd8 28. Nd5 Rxd3 0-1

[Event "Titled Tuesday intern op 13th Jun Early"]
[Site "Chess.com INT"]
[Date "2023.06.13"]
[Round "1"]
[White "Jaskolka, Tomasz"]
[Black "Porat, Tori"]
[Result "1-0"]
[WhiteElo "2238"]
[BlackElo "1572"]
[PlyCount "39"]
[EventDate "2023.06.13"]
[EventType "swiss (blitz)"]
[EventRounds "11"]
[EventCountry "USA"]
[SourceTitle "EXT 2024"]
[Source "ChessBase"]
[SourceDate "2023.10.10"]
[SourceVersion "1"]
[SourceVersionDate "2023.10.10"]
[SourceQuality "1"]

1. d4 d5 2. Nc3 Nf6 3. Bf4 e6 4. Nb5 Na6 5. e3 c6 6. Nc3 Nc7 7. Nf3 Bb4 8. Bd3 0-0 9. 0-0 Re8 10. Ne5 a6 11. Qf3 Bd6 12. Qh3 h6 13. g4 g5 14. Qxh6 gxf4 15. g5 Bf8 16. Qxf6 Qxf6 17. gxf6 Rd8 18. Kh1 fxe3 19. Rg1+ Kh8 20. Nxf7# 1-0

[Event "Titled Tuesday intern op 13th Jun Early"]
[Site "Chess.com INT"]
[Date "2023.06.13"]
[Round "3"]
[White "Yonal, Timur"]
[Black "Porat, Tori"]
[Result "1-0"]
[WhiteElo "2042"]
[BlackElo "1572"]
[PlyCount "73"]
[EventDate "2023.06.13"]
[EventType "swiss (blitz)"]
[EventRounds "11"]
[EventCountry "USA"]
[SourceTitle "EXT 2024"]
[Source "ChessBase"]
[SourceDate "2023.10.10"]
[SourceVersion "1"]
[SourceVersionDate "2023.10.10"]
[SourceQuality "1"]

1. e4 c5 2. Nf3 Nc6 3. Bb5 e6 4. 0-0 Nge7 5. Re1 a6 6. Bd3 d5 7. c3 d4 8. e5 dxc3 9. dxc3 Nd5 10. Qe2 Be7 11. Qe4 b5 12. a4 c4 13. axb5 cxd3 14. bxc6 d2 15. Nbxd2 Qb6 16. c7 Nxc7 17. Nc4 Qc5 18. Nd6+ Bxd6 19. exd6 Qxd6 20. Bf4 Qd7 21. Bxc7 Qxc7 22. Qxa8 0-0 23. Qe4 Bb7 24. Qe3 Qc6 25. Red1 h6 26. Qf4 g5 27. Qg3 Kh7 28. Rd6 Qe4 29. Re1 Qc2 30. h4 g4 31. Qxg4 Rg8 32. Qh3 Qg6 33. Rd7 Rg7 34. Rxb7 Qc2 35. Ng5+ hxg5 36. hxg5+ Kg6 37. Qh6+ 1-0

[Event "Titled Tuesday intern op 06th Jun Early"]
[Site "Chess.com INT"]
[Date "2023.06.06"]
[Round "8"]
[White "Ernst, Luca"]
[Black "Porat, Tori"]
[Result "1-0"]
[WhiteElo "2168"]
[BlackElo "1572"]
[PlyCount "97"]
[EventDate "2023.06.06"]
[EventType "swiss (blitz)"]
[EventRounds "11"]
[EventCountry "USA"]
[SourceTitle "EXT 2024"]
[Source "ChessBase"]
[SourceDate "2023.10.10"]
[SourceVersion "1"]
[SourceVersionDate "2023.10.10"]
[SourceQuality "1"]

1. Nf3 d5 2. g3 c5 3. Bg2 Nc6 4. d4 cxd4 5. Nxd4 e5 6. Nxc6 bxc6 7. c4 Bb7 8. Nc3 Nf6 9. Bg5 d4 10. Ne4 Bb4+ 11. Kf1 Be7 12. Bxf6 Bxf6 13. c5 0-0 14. Nd6 Qc7 15. Qa4 Be7 16. Nxb7 Qxb7 17. b4 Rac8 18. h4 f5 19. Kg1 f4 20. Be4 Qd7 21. Kg2 Qg4 22. Bf3 Qf5 23. g4 Qg6 24. Qxa7 Bd8 25. h5 Qg5 26. Rag1 Re8 27. Be4 Bf6 28. f3 Be7 29. h6 g6 30. Qd7 Qf6 31. Kf2 Red8 32. Qb7 Qe6 33. a3 d3 34. Bxd3 Qd5 35. Qa6 Qd4+ 36. Kg2 Kh8 37. Qc4 Qe3 38. Qf7 Bf8 39. Qf6+ Kg8 40. Bc4+ Rd5 41. Bxd5+ cxd5 42. Qe6+ Kh8 43. Qf6+ Kg8 44. Qe6+ Kh8 45. Rf1 Ra8 46. Qxd5 Qxe2+ 47. Rf2 Qe3 48. Qxa8 Qd3 49. Qxf8# 1-0

[Event "Titled Tuesday intern op 04th Apr Late"]
[Site "Chess.com INT"]
[Date "2023.04.04"]
[Round "7"]
[White "Porat, Tori"]
[Black "Buchenau, Frank"]
[Result "0-1"]
[WhiteElo "1572"]
[BlackElo "2222"]
[PlyCount "66"]
[EventDate "2023.04.04"]
[EventType "swiss (blitz)"]
[EventRounds "11"]
[EventCountry "USA"]
[SourceTitle "EXT 2024"]
[Source "ChessBase"]
[SourceDate "2023.10.10"]
[SourceVersion "1"]
[SourceVersionDate "2023.10.10"]
[SourceQuality "1"]

1. d4 g6 2. c4 Bg7 3. Nc3 Nf6 4. Nf3 d6 5. e4 0-0 6. Be3 Nbd7 7. Be2 e5 8. d5 Nc5 9. Bxc5 dxc5 10. Nxe5 Nxe4 11. Nxe4 Bxe5 12. Rb1 Bf5 13. Bd3 Bxe4 14. Bxe4 Re8 15. Qc2 Qh4 16. h3 Bd4 17. 0-0 Qxe4 18. Qd2 Qe2 19. Qf4 Re7 20. b4 b6 21. bxc5 Bxc5 22. a4 Rae8 23. a5 Bd6 24. Qd4 Re4 25. Qf6 Qxc4 26. axb6 axb6 27. Rbd1 b5 28. Qf3 b4 29. g3 b3 30. Rd3 b2 31. Rb3 Re1 32. Rxe1 Rxe1+ 33. Kg2 Qf1+ 0-1

[Event "Titled Tuesday intern op 04th Apr Late"]
[Site "Chess.com INT"]
[Date "2023.04.04"]
[Round "2"]
[White "Skvortsov, Andrei"]
[Black "Porat, Tori"]
[Result "1-0"]
[WhiteElo "2313"]
[BlackElo "1572"]
[PlyCount "67"]
[EventDate "2023.04.04"]
[EventType "swiss (blitz)"]
[EventRounds "11"]
[EventCountry "USA"]
[SourceTitle "EXT 2024"]
[Source "ChessBase"]
[SourceDate "2023.10.10"]
[SourceVersion "1"]
[SourceVersionDate "2023.10.10"]
[SourceQuality "1"]

1. c4 e5 2. Nc3 Nc6 3. g3 f5 4. Bg2 Nf6 5. e3 Bc5 6. Nge2 0-0 7. d4 exd4 8. exd4 Bb4 9. 0-0 d6 10. a3 Bxc3 11. Nxc3 Ne7 12. Re1 Rb8 13. d5 Ng6 14. Bg5 h6 15. Be3 Ng4 16. Ne2 N6e5 17. Bxa7 Ra8 18. Bd4 Nxc4 19. h3 Nf6 20. Nf4 b6 21. Ne6 Bxe6 22. dxe6 Ne4 23. Bxe4 fxe4 24. Rxe4 Qe7 25. Bxg7 Kxg7 26. Rxc4 Ra5 27. Qc2 c5 28. Re1 b5 29. Rg4+ Kh8 30. Qg6 Qh7 31. e7 Rg8 32. Qxh7+ Kxh7 33. Rxg8 Kxg8 34. e8Q+ 1-0

[Event "Titled Tuesday intern op 20th Dec Early"]
[Site "Chess.com INT"]
[Date "2022.12.20"]
[Round "2"]
[White "Buscar, Michael"]
[Black "Porat, Tori"]
[Result "1-0"]
[WhiteElo "2041"]
[BlackElo "1664"]
[PlyCount "61"]
[EventDate "2022.12.20"]
[EventType "swiss (blitz)"]
[EventRounds "11"]
[EventCountry "USA"]
[SourceTitle "EXT 2024"]
[Source "ChessBase"]
[SourceDate "2023.10.10"]
[SourceVersion "1"]
[SourceVersionDate "2023.10.10"]
[SourceQuality "1"]

1. Nf3 d5 2. b3 c5 3. Bb2 Nc6 4. e3 Nf6 5. d4 g6 6. dxc5 Bg7 7. a3 a5 8. Bb5 0-0 9. 0-0 Bg4 10. h3 Bxf3 11. Qxf3 Rc8 12. Rd1 e6 13. c4 Na7 14. b4 b6 15. cxb6 Nxb5 16. cxb5 axb4 17. axb4 Rc2 18. Bd4 Ne4 19. Bxg7 Kxg7 20. b7 Qb8 21. Rf1 Qxb7 22. Qd1 Rfc8 23. Qd4+ Kg8 24. b6 Rc1 25. Nd2 Rxf1+ 26. Nxf1 Rc6 27. Nd2 Nc3 28. Ra7 Qb8 29. Qf6 Ne4 30. Qxf7+ Kh8 31. Qxh7# 1-0

[Event "Titled Tuesday intern op 20th Dec Early"]
[Site "Chess.com INT"]
[Date "2022.12.20"]
[Round "8"]
[White "Thiel, Thomas"]
[Black "Porat, Tori"]
[Result "1/2-1/2"]
[WhiteElo "2241"]
[BlackElo "1664"]
[PlyCount "90"]
[EventDate "2022.12.20"]
[EventType "swiss (blitz)"]
[EventRounds "11"]
[EventCountry "USA"]
[SourceTitle "EXT 2024"]
[Source "ChessBase"]
[SourceDate "2023.10.10"]
[SourceVersion "1"]
[SourceVersionDate "2023.10.10"]
[SourceQuality "1"]

1. e4 c5 2. Nc3 Nc6 3. Bb5 e6 4. Bxc6 bxc6 5. f4 d5 6. Nf3 Be7 7. Qe2 Nf6 8. 0-0 0-0 9. d3 d4 10. Na4 Ba6 11. b3 Bb5 12. Nb2 a5 13. a4 Ba6 14. Bd2 Rb8 15. Ne5 Qc7 16. Nbc4 Bxc4 17. Nxc4 Ra8 18. f5 exf5 19. Rxf5 Rfe8 20. Raf1 Bd6 21. g3 Re6 22. Qg2 Qd8 23. Bf4 Bxf4 24. R1xf4 Qe8 25. Rxc5 Qd8 26. Rcf5 Ra7 27. Qd2 Ne8 28. Rxa5 Rb7 29. Raf5 g6 30. Re5 Rxe5 31. Nxe5 Qd6 32. Nc4 Qe7 33. e5 Ng7 34. Nd6 Rd7 35. Rxf7 Qe6 36. Rxd7 Qxd7 37. Qb4 h5 38. a5 Qg4 39. Qe1 Ne6 40. a6 Ng5 41. a7 Nh3+ 42. Kg2 Nf4+ 43. Kg1 Nh3+ 44. Kg2 Nf4+ 45. Kg1 Nh3+ 1/2-1/2